Geography Quiz

Random Geography or World Quiz

6 to 1: Flags Quiz Stats

 Plays Quiz Updated Feb 24, 2020

Support Sporcle.
Go Orange.
Score 0/21 Timer 03:00
5 Plays Today
Answer % Correct
Australia
92.9%
New Zealand
89.8%
United Kingdom
89.1%
Fiji
65.9%
Palestine
52.8%
Syria
48.3%
Bangladesh
44.1%
Tuvalu
40.7%
Ghana
39.3%
Yemen
38.4%
United Arab Emirates
36.5%
Answer % Correct
Central African Republic
35.1%
Palau
32.7%
Jordan
32.6%
Iraq
32.2%
Benin
31%
Madagascar
24.5%
Jamaica
23.3%
Guinea-Bissau
23.1%
Guinea-Bissau
12.9%
São Tomé and Príncipe
7.8%

From the Vault

15 Categories: Letter 'A' Blitz

by Flick

Assuming you're avid and amiable to answering about associated trivia.
Remove Ads.
Support Sporcle.
Get the best of Sporcle when you Go Orange. This ad-free experience offers more features, more stats, and more fun while also helping to support Sporcle. Thank you for becoming a member.

Show Comments

Extras

Top Quizzes Today


Score Distribution

Your Account Isn't Verified!

In order to create a playlist on Sporcle, you need to verify the email address you used during registration. Go to your Sporcle Settings to finish the process.

Report this User

Report this user for behavior that violates our Community Guidelines.

Details: